Reglamento de la Escuela Especial de Tejidos de Punto que la Diputación sostiene y rige en Canet de Mar
Descripción Física:
29 p. ; 16 cm
MARC
| LEADER | 00000nam a2200000Ia 4500 | ||
|---|---|---|---|
| 001 | 11801 | ||
| 008 | 160829s1948 xx 000 0 cat d | ||
| 080 | |a FU-3-36 | ||
| 100 | |a Escuela Especial de Tejidos de Punto (Canet de Mar) | ||
| 245 | |a Reglamento de la Escuela Especial de Tejidos de Punto que la Diputación sostiene y rige en Canet de Mar | ||
| 260 | |a Canet de Mar : |b (Escuela Elemental del Trabajo), |c 1948 | ||
| 300 | |a 29 p. ; |c 16 cm | ||
| 650 | |a Escuela Especial de Tejidos de Punto (Canet de Mar) |x Reglaments i procediment |9 24706 | ||
| 650 | |a Escola Elemental del Treball (Barcelona) |9 22820 | ||
| 856 | 4 | |u https://media.diba.cat/diba/fitxers/arxiu/fulletons/bib_11801_baixa.pdf |y Accés lliure | |
| 856 | 4 | |u https://media.diba.cat/diba/fitxers/arxiu/fulletons/bib_11801_baixa.pdf |y Accés lliure | |
| 901 | |a Arxiu | ||
| 942 | |n 1 |2 udc | ||
| 952 | |0 0 |1 0 |4 0 |6 FU336 |7 1 |9 43279 |a Arxiu |b Arxiu |d 2016-12-01 |l 0 |o FU-3-36 |p 11801 |r 2016-12-01 00:00:00 |w 2016-12-01 |y ARXIU | ||
| 999 | |c 45824 |d 45824 | ||
| 900 | |a bib_11801_baixa.pdf | ||